Βυζαντινό Λεξικό Σουίδα

Αποθηκεύτηκε σε:
Λεπτομέρειες βιβλιογραφικής εγγραφής
Άλλοι συγγραφείς: Κατσαρός, Βασίλης Κ., 1947- (Συγγραφέας εισαγωγής κ.λπ.)
Μορφή: Βιβλίο
Γλώσσα:Greek
Δημοσίευση: Θεσσαλονίκη : Θύραθεν, 2002.
Θέματα:
Ετικέτες: Προσθήκη ετικέτας
Δεν υπάρχουν, Καταχωρήστε ετικέτα πρώτοι!

MARC

LEADER 00000cam a2200000 i 4500
001 1/47228
008 040121s2002 gr ||| | gre||
020 |a 9608097118 
035 |l 10072040 
040 |a GR-MyUA  |b gre  |e AACR2 
041 0 |a gre 
082 0 |a 483 
245 1 0 |a Βυζαντινό Λεξικό Σουίδα /   |c εισαγωγή Βασίλης Κατσαρός.  
260 |a Θεσσαλονίκη :   |b Θύραθεν,   |c 2002.  
300 |a 1253 σ. ;   |c 25 εκ.  
500 |a Το μεν παρόν βιβλίον Σούδα, οι δε συνταξάμενοι τούτο άνδρες σοφοί, Έύδημος ρήτωρ περί λέξεων κατά στοιχείον. Ελλάδιος, επί Θεοδοσίου του νέου ομοίως. Ευγένιος Αυγουστοπόλεως της εν Φρυγία, ομοίως. Ζώσιμος Γαζαίος λέξεις ρητορικάς κατά στοιχείον. Καικίλιος Σικελιώτης εκλογήν λέξεων κατά στοιχείον. Λογγίνος ο Κάσσιος λέξεις κατά στοιχείον. Λούπερκος Βηρύττιος Αττικάς λέξεις. Ουηστίνος Ιούλιος σοφιστής επιτομήν των Παμφίλου γλωσσών, βιβλίων ενενήκοντα ενός. Πακάτος περί συνηθείας Αττικής κατά στοιχείον. Πάμφιλος λειμώνα λέξεων ποικίλων, περιοχήν βιβλίων ενενήκοντα πέντε. έστι δε από του Ε στοιχείου έως του Ω. τα γαρ από του Α μέχρι του Δ Ζωπυρίων πεποίηκε. Πωλίων Αλεξανδρεύς Αττικών λέξεων συναγωγήν κατά στοιχείον 
650 0 0 |a Greek language, Medieval and late  |x Dictionaries. 
700 1 |a Κατσαρός, Βασίλης Κ.,   |d 1947-  |e aui 
852 |a INST  |b RHODES  |e 20040121  |h 483 ΒΥΖ  |p 005400019757  |q 005400019757  |t REF  |y 23 
852 |a INST  |b SAMOS  |e 20070913  |h 483 ΒΥΖ  |p 005300028222  |q 005300028222  |t REF  |y 23 
901 |a BIBL3-2007-3 
901 |a BIBL4-2004-1 
909 |a Σ  |b 138724 
909 |a Ρ  |b 108200 
922 |a 3ΕΛΗ  |b 200708  |c ΕΠΕΑΕΚ2/ΤΜΗΜΑ ΜΑΘΗΜΑΤΙΚΩΝ  |d ΠΑΤΑΚΗΣ 
922 |a 4ΕΛΗ  |b 200401  |c ΕΠΕΑΕΚ2/ΤΜΣ  |d ΜΙΧΑΛΟΠΟΥΛΟΣ 
950 |a 124-2003-10-08 
970 |a ΚΟΥΛΑΚΙΟΤΗ  |b ΛΙΤΣΑ  |z 2004/02/10